000 00543nam a2200205Ia 4500
005 20250425161810.0
008 250425s9999 xx 000 0 und d
041 _aspa
082 _a515.076
100 _aSALDAƑA, MARCEL
245 0 _aANALISIS MATEMATICO II: PROBLEMAS RESUELTOS Y PROPUESTOS
250 _a1A ED.
260 _aEcuador
_bFEPOL
_c1980
260 _aGUAYAQUIL
500 _aEste documento es manuscrito
650 _aANALISIS MATEMATICO
650 _aANALISIS MATEMATICO-PROBLEMAS
942 _c01
010 _a30097
999 _c216320
_d216320